书目信息 |
| 题名: |
小垃圾大问题
|
|
| 作者: | 金晓芳 , 牛卢璐 编著 | |
| 分册: | ||
| 出版信息: | 北京 科学技术文献出版社 2018.09 |
|
| 页数: | 82页 | |
| 开本: | 24cm | |
| 丛书名: | ||
| 单 册: | ||
| 中图分类: | X705 | |
| 科图分类: | ||
| 主题词: | 垃圾处理--la ji chu li--研究 | |
| 电子资源: | ||
| ISBN: | 978-7-5189-4494-1 | |
| 000 | 00995nam0 2200253 450 | |
| 001 | 0100010734 | |
| 005 | 20190905093951.0 | |
| 010 | @a978-7-5189-4494-1@dCNY39.00 | |
| 100 | @a20190903d2018 em y0chiy50 ea | |
| 101 | 0 | @achi |
| 102 | @aCN@b110000 | |
| 105 | @aak a 000yy | |
| 106 | @ar | |
| 200 | 1 | @a小垃圾大问题@Axiao la ji da wen ti@f金晓芳, 牛卢璐编著 |
| 210 | @a北京@c科学技术文献出版社@d2018.09 | |
| 215 | @a82页@c彩图@d24cm | |
| 320 | @a有书目 (第81-82页) | |
| 330 | @a垃圾分类的目的是提高垃圾的资源价值和经济价值, 使其物尽其用。同时, 进行垃圾分类收集可以减少垃圾处理量, 降低处理成本, 减少土地资源的消耗, 具有社会、经济、生态三方面的效益。在北京、杭州等地, 尽管垃圾分类试点已经推行了多年, 却未见明显实效, 垃圾或随意堆放或无处堆放, 对生活区域的环境造成了污染。 | |
| 606 | 0 | @a垃圾处理@Ala ji chu li@x研究 |
| 690 | @aX705@v5 | |
| 701 | 0 | @a金晓芳@Ajin xiao fang@4编著 |
| 701 | 0 | @a牛卢璐@Aniu lu lu@4编著 |
| 801 | 0 | @aCN@c20190905 |
| 905 | @a河南城建学院图书馆@dX705@eJ811 | |
| 小垃圾大问题/金晓芳, 牛卢璐编著.-北京:科学技术文献出版社,2018.09 |
| 82页:彩图;24cm |
| ISBN 978-7-5189-4494-1:CNY39.00 |
| 垃圾分类的目的是提高垃圾的资源价值和经济价值, 使其物尽其用。同时, 进行垃圾分类收集可以减少垃圾处理量, 降低处理成本, 减少土地资源的消耗, 具有社会、经济、生态三方面的效益。在北京、杭州等地, 尽管垃圾分类试点已经推行了多年, 却未见明显实效, 垃圾或随意堆放或无处堆放, 对生活区域的环境造成了污染。 |
| ● |
| 相关链接 |
|
|
|
正题名:小垃圾大问题
索取号:X705/J811
 
预约/预借
| 序号 | 登录号 | 条形码 | 馆藏地/架位号 | 状态 | 备注 |
| 1 | 1438771 | 214387714 | 自科库501/501自科库 107排1列6层/ [索取号:X705/J811] | 在馆 | |
| 2 | 1438772 | 214387723 | 自科二线504/501自科库 107排1列6层/ [索取号:X705/J811] | 在馆 |